[Event "POL Youth-ch U20 Girls 2020"]
[Site "Pokrzywna"]
[Date "2020.12.06"]
[Round "9.10"]
[White "Siekanska, Zuzanna"]
[Black "Marcinczyk, Monika"]
[Result "0-1"]
[WhiteElo "1800"]
[BlackElo "2030"]
[Annotator "TA"]
[PlyCount "62"]
[EventDate "2020.11.29"]
[EventType "swiss"]
[EventCountry "POL"]
[SourceTitle "playchess.com"]
[Source "ChessBase"]
[SourceQuality "1"]

{[%evp 21,62,0,0,0,0,0,0,-6,0,-19,-30,-70,-67,-65,-66,-91,-87,-79,-75,-106,-106,-105,-110,-139,-117,-287,-296,-282,-278,-426,-420,-407,-386,-408,-377,-845,-838,-844,-852,-775,-769,-1035,-1002]} 1. d4 d5 2. c4 e6 3. Nc3 c6 4. cxd5 exd5 5. Nf3 Bf5 6. Bf4 Bd6 7. Bxd6 Qxd6 8. e3 Nf6 9. Bd3 Bxd3 10. Qxd3 Nbd7 11. O-O O-O 12. Rfc1 {D35: Queen's Gambit Declined: Exchange Variation.} Rfe8 13. Rab1 a5 {[#]} 14. Na4 $146 {The position is equal.} ({Predecessor:} 14. Qf5 h6 15. Nd2 Nf8 16. Na4 Ne6 17. Nf3 Ne4 18. Nc3 N6g5 19. Nxe4 Nxe4 20. Ne5 {½-½ (31) Socko,M (2479)-Dzagnidze,N (2520) Heraklion 2017}) 14... Ne4 15. Nd2 f5 16. f3 Nxd2 17. Qxd2 Re6 18. Nc5 Nxc5 19. Rxc5 Rae8 20. Rc3 {[#]} f4 $1 {[%cal Rf4e3][%mdl 512]} 21. Re1 (21. exf4 Re2) 21... Qe7 {[%cal Rf4e3]} 22. Ra3 fxe3 23. Qxa5 $2 (23. Qd3 $17) 23... Qh4 $19 {White must now prevent ...Qf2+.} 24. Re2 Qxd4 25. Rb3 (25. Qc3 $142 Qf4 26. h3) 25... Qc4 26. Qe1 d4 {[#] Threatens to win with ...d3.} 27. Qd1 c5 {...Qd5 is the strong threat.} 28. a3 $2 (28. Rd3) 28... Qa4 {Black is clearly winning.} 29. Rd3 Qxd1+ 30. Rxd1 Rd6 31. Rc2 d3 {Black took control after the opening.  Weighted Error Value: White=0.62/Black=0.00} 0-1

[Event "POL Youth-ch U20 Girls 2020"]
[Site "Pokrzywna"]
[Date "2020.12.06"]
[Round "9.11"]
[White "Czernikowska, Laura"]
[Black "Kroliczek, Gabriela"]
[Result "0-1"]
[WhiteElo "1508"]
[BlackElo "1911"]
[Annotator "RC"]
[PlyCount "90"]
[EventDate "2020.11.29"]
[EventType "swiss"]
[EventCountry "POL"]
[SourceTitle "playchess.com"]
[Source "ChessBase"]
[SourceQuality "1"]
[TimeControl "40/5400+30:1800+30"]

1. d4 {[%emt 0:00:00]} Nf6 {[%emt 0:00:00]} 2. Nf3 {[%emt 0:00:00]} e6 {[%emt 0:00:00]} 3. e3 {[%emt 0:00:00]} d5 {[%emt 0:00:00]} 4. Bd3 {[%emt 0:00:01]} c5 {[%emt 0:00:00]} 5. b3 {[%emt 0:00:35]} Nc6 {[%emt 0:00:03]} 6. Bb2 {[%emt 0:00:28]} b6 {[%emt 0:00:14]} 7. Nbd2 {[%emt 0:00:35]} Bb7 {[%emt 0:00:24]} 8. O-O {[%emt 0:00:47]} Be7 {[%emt 0:01:44]} 9. Ne5 {[%emt 0:03:05]} Nxe5 {[%emt 0:18:18]} 10. dxe5 {[%emt 0:00:37]} Nd7 {[%emt 0:00:03]} 11. f4 {[%emt 0:01:14]} g6 {[%emt 0:03:20]} 12. Qg4 {[%emt 0:09:38]} Qc7 {[%emt 0:03:52]} 13. e4 {[%emt 0:10:06]} d4 {[%emt 0:12:45]} 14. c3 {[%emt 0:02:55]} dxc3 {[%emt 0:00:04]} 15. Bxc3 {[%emt 0:00:04]} O-O-O {[%emt 0:01:39]} 16. Rfd1 {[%emt 0:10:36]} g5 {[%emt 0:11:45]} 17. Nc4 {[%emt 0:04:06]} h5 {[%emt 0:02:06]} 18. Qf3 {[%emt 0:02:16]} g4 {[%emt 0:02:05]} 19. Qf2 {[%emt 0:01:09]} Rhg8 {[%emt 0:01:15]} 20. a4 {[%emt 0:05:29]} h4 {[%emt 0:06:39]} 21. g3 {[%emt 0:03:47]} Qc6 {[%emt 0:06:35]} 22. Qe2 {[%emt 0:03:34]} f5 {[%emt 0:05:31]} 23. Nd2 {[%emt 0:05:21]} c4 {[%emt 0:03:41]} 24. bxc4 {[%emt 0:04:14]} Nc5 {[%emt 0:00:13]} 25. Bc2 {[%emt 0:00:22]} Nxe4 {[%emt 0:05:26]} 26. Nxe4 {[%emt 0:00:44]} fxe4 {[%emt 0:01:07]} 27. Qe3 {[%emt 0:00:47]} Bc5 {[%emt 0:00:59]} 28. Bd4 {[%emt 0:00:13]} Rxd4 {[%emt 0:00:20]} 29. Rxd4 {[%emt 0:00:07]} Bxd4 {[%emt 0:00:22]} 30. Qxd4 {[%emt 0:00:17]} e3 {[%emt 0:00:09]} 31. Be4 {[%emt 0:02:13]} Qxe4 {[%emt 0:00:10]} 32. Qxe4 {[%emt 0:00:03]} Bxe4 {[%emt 0:00:04]} 33. Re1 {[%emt 0:00:17]} hxg3 {[%emt 0:01:20]} 34. hxg3 {[%emt 0:00:20]} Bc6 {[%emt 0:01:51]} 35. Rxe3 {[%emt 0:00:15]} Rh8 {[%emt 0:00:53]} 36. a5 {[%emt 0:00:57]} Rh1+ {[%emt 0:01:40]} 37. Kf2 {[%emt 0:00:06]} Rh2+ {[%emt 0:00:07]} 38. Kf1 {[%emt 0:00:49]} bxa5 {[%emt 0:02:17]} 39. Ra3 {[%emt 0:00:08]} a4 {[%emt 0:00:03]} 40. Ke1 {[%emt 0:00:00]} Rc2 {[%emt 0:00:00]} 41. Kd1 {[%emt 0:00:57]} Rxc4 {[%emt 0:00:07]} 42. Kd2 {[%emt 0:00:11]} Kc7 {[%emt 0:01:11]} 43. Kd3 {[%emt 0:00:19]} Rb4 {[%emt 0:00:12]} 44. Kc2 {[%emt 0:00:34]} Rb3 {[%emt 0:00:53]} 45. Rxb3 {[%emt 0:00:19]} axb3+ {[%emt 0:00:03]} 0-1

[Event "POL Youth-ch U20 Girls 2020"]
[Site "Pokrzywna"]
[Date "2020.12.06"]
[Round "9.12"]
[White "Pawicka, Magdalena"]
[Black "Furtak, Joanna"]
[Result "0-1"]
[WhiteElo "1762"]
[BlackElo "1837"]
[Annotator "NA RC"]
[PlyCount "66"]
[EventDate "2020.11.29"]
[EventType "swiss"]
[EventCountry "POL"]
[SourceTitle "playchess.com"]
[Source "ChessBase"]
[SourceQuality "1"]
[TimeControl "40/5400+30:1800+30"]

1. e4 {[%emt 0:00:00]} c5 {[%emt 0:00:00]} 2. Nf3 {[%emt 0:00:00]} Nc6 {[%emt 0:00:00]} 3. d4 {[%emt 0:00:00]} cxd4 {[%emt 0:00:00]} 4. Nxd4 {[%emt 0:00:00]} Qc7 {[%emt 0:00:00]} 5. Nc3 {[%emt 0:00:22]} e6 {[%emt 0:00:00]} 6. f4 {[%emt 0:00:17]} a6 {[%emt 0:00:00]} 7. Nxc6 {[%emt 0:00:20]} Qxc6 {[%emt 0:00:07]} 8. Bd3 {[%emt 0:00:25]} b5 {[%emt 0:00:34]} 9. Qe2 {[%emt 0:00:43]} Bb7 {[%emt 0:01:46]} 10. Bd2 {[%emt 0:12:46]} Rc8 {[%emt 0:02:09]} 11. O-O {[%emt 0:06:08]} Bc5+ {[%emt 0:04:12]} 12. Kh1 {[%emt 0:02:51]} Ne7 {[%emt 0:01:48]} 13. e5 {[%emt 0:06:27]} O-O {[%emt 0:05:58]} 14. Ne4 {[%emt 0:03:51]} d5 {[%emt 0:02:06]} 15. Nf6+ {[%emt 0:11:01]} gxf6 {[%emt 0:05:07]} 16. Bxh7+ {[%emt 0:01:43]} Kxh7 {[%emt 0:10:53]} 17. Qh5+ {[%emt 0:00:36]} Kg8 {[%emt 0:04:48]} 18. Rf3 {[%emt 0:06:17]} Rfd8 {[%emt 0:04:23]} 19. exf6 {[%emt 0:02:07]} Kf8 {[%emt 0:03:10]} 20. Qh8+ {[%emt 0:08:28]} Ng8 {[%emt 0:00:08]} 21. f5 {[%emt 0:02:48]} Rc7 {[%emt 0:07:35]} 22. Bh6+ {[%emt 0:03:14]} Ke8 {[%emt 0:00:04]} 23. Qxg8+ {[%emt 0:00:13]} Kd7 {[%emt 0:00:04]} 24. Qxf7+ {[%emt 0:00:39]} Kc8 {[%emt 0:00:09]} 25. Qxe6+ {[%emt 0:00:30]} Kb8 {[%emt 0:01:23]} 26. Re1 {[%emt 0:10:01]} d4 {[%emt 0:04:58]} 27. Rg3 {[%emt 0:03:46]} Bd6 {[%emt 0:05:26]} 28. Rg8 {[%emt 0:01:48]} Ka7 {[%emt 0:01:55]} 29. f7 {[%emt 0:01:07]} Re7 {[%emt 0:05:44]} 30. Re2 {[%emt 0:09:02]} Rxe6 {[%emt 0:07:35]} 31. fxe6 {[%emt 0:00:21]} Qc8 {[%emt 0:05:52]} 32. Rxd8 {[%emt 0:01:16]} Qxd8 $19 {[%emt 0:00:04]} 33. h3 {[%emt 0:04:13]} Qf6 {[%emt 0:02:39]} 0-1